Groupes ultras en France #3 - Statistiques

Statistiques générales
  • Ce quiz a été pris 263 fois
  • Le résultat moyen est 12 sur 20
Statistiques - réponses
Groupe Ultra Club % Correct
Butte Paillade 1991 Montpellier
94%
Magic Fans AS Saint-Etienne
93%
Fanatic's Olympique de Marseille
93%
North Gate Girondins de Bordeaux
85%
Celtic Ultras Stade Brestois
84%
Ultras _____ois 1990 Stade Brestois
84%
Lutèce Falco Paris Saint-Germain
82%
Ultrem 1995 Stade de Reims
77%
Go Rijsel Spirit LOSC
71%
Lingon's Boys Dijon FCO
64%
Red Kaos 1994 Grenoble Foot 38
62%
Kop Ciel et Blanc RC Strasbourg
58%
Barbarians HAC
51%
Raiders 74 FC Annecy
48%
Magic ______ 1997 ESTAC
41%
Kop du Roy FC Versailles
32%
Bway Dread of Spinaux SAS Epinal
26%
Ultras _______ 1990 AJ Auxerre
23%
_____ Fans FC Rouen
21%
Worshippers Le Mans FC
18%
Aucun quiz correspondant
Distribution des résultats
% des personnes avec chaque résultat
Percentile par nombre de réponses
Votre historique - résultats
Vous n’avez pas pris ce quiz